| Tag |
First Indicator |
Second Indicator |
Subfields |
| LEADER |
00000cam a2200000 a 4500 |
| 001 |
in00000017398 |
| 005 |
20151007053540.0 |
| 007 |
he amb||||||| |
| 008 |
880629r19751915nju bb 00010 eng d |
| 035 |
|
|
|a (OCoLC)18147882
|
| 035 |
|
|
|9 AAB2032AM
|
| 040 |
|
|
|a TXA
|c TXA
|d UtOrBLW
|
| 049 |
|
|
|a TXAI
|
| 099 |
|
|
|a fiche
|a C
|a 7769
|
| 100 |
1 |
|
|a McCrimmon, A. L.
|
| 245 |
1 |
4 |
|a The woman movement /
|c by A.L. McCrimmon.
|
| 264 |
|
1 |
|a Philadelphia ;
|a Boston :
|b The Griffith & Rowland Press,
|c 1915.
|
| 300 |
|
|
|a 254 pages
|
| 336 |
|
|
|a text
|b txt
|2 rdacontent
|
| 337 |
|
|
|a microform
|b h
|2 rdamedia
|
| 338 |
|
|
|a microfiche
|b he
|2 rdacarrier
|
| 504 |
|
|
|a Bibliography: pages 249-254.
|
| 500 |
|
|
|a Series is a subseries of the Gerritsen collection of women's history.
|
| 533 |
|
|
|a Microfiche.
|b Glen Rock, N.J. :
|c Microfilming Corp. of America,
|d 1975.
|e 3 microfiches ; 11 x 15 cm.
|f (Women's history: a literature of struggle ; no. B10)
|
| 500 |
|
|
|a Microform.
|
| 650 |
|
0 |
|a Women
|x Social conditions.
|
| 650 |
|
0 |
|a Women
|x History.
|
| 650 |
|
0 |
|a Women's rights.
|
| 830 |
|
0 |
|a Women's history, a literature of struggle ;
|v no. B10.
|
| 999 |
|
|
|a MARS
|
| 999 |
f |
f |
|s 81d31a79-eb29-3cc3-88e5-acf4da850bb7
|i 283f9d9d-5d8f-3ddf-bd29-0bb1968055e3
|t 0
|
| 952 |
f |
f |
|p normal
|a Texas A&M University
|b College Station
|c Sterling C. Evans Library
|d Evans: Microforms (3rd floor)
|t 0
|e fiche C 7769
|h Other scheme
|i microform -- microfiche
|m A14822804223
|
| 998 |
f |
f |
|a fiche C 7769
|t 0
|l Evans: Microforms (3rd floor)
|